000 00576nam a22001817a 4500
003 OSt
005 20250708064028.0
008 250708b |||||||| |||| 00| 0 eng d
020 _a971-320-002-0
040 _aDWC-Main Lib
_cOC
082 _aCirc. 158.2 M478f 2005
100 _aMcginnis, Alan Loy
245 _aThe friendship factor:
_bhow to get closer to the people you care for/
_cAlan Loy Mcginnis
260 _aQuezon City, Philippines:
_bClaretian Publications,
_cc2005.
300 _a192 pages;
_c18cm.
650 _a1. Friendship.
942 _2ddc
_cBK-CIRC
_kCirc.
_n0
999 _c3467
_d3467